00669nam a22002415i 450000100090000000300040000900500170001300800410003001000170007102000180008804000230010604200080012908200170013710000260015424500830018025000170026326300090028026400420028930000150033133600260034633700280037233800270040019854788OSt20250610115932.0170729s2017 ohu 000 0 eng  a 2017950802 a9789355733962 aDLCbengerdacDLC apcc a658.5bCOL/O aCollier, David Allen.10aOperations and supply chain management /cDavid Allen Collier, James R. Evans. a2nd edition. a1711 1aMason, OH :bCengage Learning,c2021. a686 pages  atextbtxt2rdacontent aunmediatedbn2rdamedia avolumebnc2rdacarrier